[Event "Titled Tue 10th Jun Early"]
[Site "chess.com INT"]
[Date "2025.06.10"]
[Round "5"]
[White "Looi, Xin Hao"]
[Black "Punin, Andrii"]
[Result "0-1"]
[WhiteTitle "CM"]
[BlackTitle "FM"]
[WhiteElo "2009"]
[BlackElo "2289"]
[WhiteFideId "5702828"]
[BlackFideId "14112639"]
[EventDate "2025.06.10"]

1. d4 Nf6 2. Nf3 e6 3. e3 b6 4. Bd3 Bb7 5. O-O d5 6. b3 c5 7. Bb2 Bd6 8. Nbd2
O-O 9. a3 Nc6 10. Ne5 Ne7 11. f4 Nf5 12. Qe2 cxd4 13. exd4 Be7 14. Rf3 Nd6 15.
Rh3 g6 16. Ndf3 Nfe4 17. c4 Rc8 18. Re1 f6 19. Ng4 Kg7 20. Ne3 Nf5 21. cxd5 Nxe3
22. Qxe3 exd5 23. f5 g5 24. Bxe4 dxe4 25. d5 Bc5 26. Nd4 Qxd5 27. b4 Bxd4 28.
Bxd4 Kg8 29. Rh6 Qxf5 30. Rf1 Qd5 31. Bxf6 Rf7 32. Rh5 h6 33. Rxh6 Rh7 34. Rg6+
Kf7 35. Rxg5 Qa2 36. Bd4+ Ke7 37. Qf4 Kd7 38. Qf5+ Kc6 39. Qxh7 b5 0-1

[Event "Titled Tue 10th Jun Early"]
[Site "chess.com INT"]
[Date "2025.06.10"]
[Round "5"]
[White "Dogan, Umut Anil"]
[Black "Reshetnikov, Alexey"]
[Result "1-0"]
[WhiteTitle "CM"]
[BlackTitle "IM"]
[WhiteElo "2060"]
[BlackElo "2492"]
[WhiteFideId "51618060"]
[BlackFideId "4162080"]
[EventDate "2025.06.10"]

1. Nf3 d5 2. g3 Nf6 3. Bg2 Bf5 4. O-O e6 5. d3 c6 6. Nh4 Bg4 7. Nc3 Be7 8. Qe1
Nfd7 9. Nf3 O-O 10. e4 Na6 11. h3 dxe4 12. hxg4 exf3 13. Bxf3 Nb4 14. Qe2 Nd5
15. Kg2 Re8 16. Bd2 Bf6 17. Rh1 Nf8 18. Ne4 Be7 19. g5 Nc7 20. Rh5 e5 21. Rah1
Nce6 22. c3 g6 23. R5h4 Nxg5 24. Nxg5 Bxg5 25. Bxg5 Qxg5 26. Rb4 Re7 27. Rhh4
Rd8 28. Rhg4 Qf6 29. Rge4 Rde8 30. a4 Qd6 31. a5 a6 32. Rb3 Qc5 33. Reb4 Rb8 34.
Rb6 Qxa5 35. Bxc6 Qc5 36. Bf3 Qc8 37. Qe4 Qd8 38. Qd5 Qxd5 39. Bxd5 Rd7 40. Bxb7
Rxd3 41. Bxa6 Rxb6 42. Rxb6 Rd2 43. b4 Rc2 44. Rc6 e4 45. Kf1 Nd7 46. b5 Ne5 47.
Rc8+ Kg7 48. b6 Nf3 49. Kg2 h5 50. b7 Rc1 51. Bf1 Ne1+ 52. Kh3 Nf3 53. Bg2 Ng5+
54. Kh2 e3 55. fxe3 1-0

[Event "Titled Tue 10th Jun Early"]
[Site "chess.com INT"]
[Date "2025.06.10"]
[Round "5"]
[White "Kiremitciyan, Ari"]
[Black "Galyamov, Vildan"]
[Result "1-0"]
[WhiteTitle "FM"]
[WhiteElo "2271"]
[BlackElo "2122"]
[WhiteFideId "6373445"]
[BlackFideId "14200929"]
[EventDate "2025.06.10"]

1. Nf3 Nf6 2. g3 d5 3. Bg2 e6 4. O-O Be7 5. b3 O-O 6. Bb2 b6 7. c4 Bb7 8. e3 c5
9. d3 dxc4 10. bxc4 Nc6 11. Qe2 Qc7 12. Nc3 Rad8 13. Rad1 Rd7 14. Ne1 Rfd8 15.
f4 h6 16. a3 Na5 17. Bxb7 Qxb7 18. Ng2 Ne8 19. f5 exf5 20. Rxf5 Bf6 21. Nd5 Bxb2
22. Qxb2 Nc7 23. Ngf4 Nxd5 24. cxd5 Rxd5 25. Rxd5 Rxd5 26. Nxd5 Qxd5 27. e4 Qd6
28. d4 cxd4 29. Rxd4 Qc5 30. Qb4 Qc1+ 31. Kg2 Qc2+ 32. Qd2 Qc6 33. Rd8+ Kh7 34.
Qd5 Qc2+ 35. Kh3 Qf2 36. Qf5+ Qxf5+ 37. exf5 Nc4 38. Rd7 a6 39. Rxf7 Kg8 40. Ra7
a5 41. Rb7 Nxa3 42. Rxb6 Nc4 43. Rc6 Ne3 44. Rc5 a4 45. Ra5 a3 46. g4 Nc4 47.
Ra4 1-0

[Event "Titled Tue 10th Jun Early"]
[Site "chess.com INT"]
[Date "2025.06.10"]
[Round "5"]
[White "Paravyan, David"]
[Black "Germanovs, Georgijs"]
[Result "0-1"]
[WhiteTitle "GM"]
[BlackTitle "CM"]
[WhiteElo "2589"]
[BlackElo "2260"]
[WhiteFideId "4194985"]
[BlackFideId "11609710"]
[EventDate "2025.06.10"]

1. d4 Nf6 2. c4 c5 3. d5 b5 4. cxb5 a6 5. bxa6 Bxa6 6. Nc3 g6 7. e4 Bxf1 8. Kxf1
d6 9. Nf3 Bg7 10. g3 O-O 11. Kg2 Nbd7 12. a4 Qa5 13. Ra3 Rfb8 14. Qc2 Qb4 15.
Re1 Ng4 16. Nb5 Nge5 17. Nxe5 Nxe5 18. Bd2 Qc4 19. Qb1 Rxa4 20. b3 Qxb5 21. Rxa4
Nd3 22. Rf1 Bd4 23. Ra5 Qxb3 24. Qxb3 Rxb3 25. Bh6 Rb8 26. Rb1 Nb4 27. Ra7 Re8
28. Rb7 f6 29. Bd2 Nd3 30. Rb8 Kf7 31. Rxe8 Kxe8 32. Rb8+ Kd7 33. Ba5 e5 34.
Rb7+ Ke8 35. Bc7 c4 36. Bxd6 c3 37. Ba3 c2 38. Rc7 Bc5 39. Bc1 Nxc1 40. Rxc5 Nd3
41. Rxc2 Ne1+ 42. Kf1 Nxc2 43. Ke2 Kd7 44. Kd3 Nd4 45. Ke3 Kd6 46. f4 Nb3 47. g4
g5 0-1

[Event "Titled Tue 10th Jun Early"]
[Site "chess.com INT"]
[Date "2025.06.10"]
[Round "5"]
[White "Dziththauly Ramadhan"]
[Black "Yanev, Tihomir"]
[Result "1-0"]
[WhiteTitle "CM"]
[BlackTitle "IM"]
[WhiteElo "2171"]
[BlackElo "2354"]
[WhiteFideId "7105525"]
[BlackFideId "2910110"]
[EventDate "2025.06.10"]

1. d4 e6 2. c4 f5 3. g3 Nf6 4. Bg5 Bb4+ 5. Nc3 O-O 6. Bg2 d6 7. Nh3 Nbd7 8. O-O
Bxc3 9. bxc3 Qe7 10. Qc2 e5 11. Qxf5 h6 12. Bxf6 Nxf6 13. Qc2 Be6 14. Rab1 Rab8
15. c5 b6 16. cxd6 cxd6 17. e4 Rbc8 18. d5 Bf7 19. f3 Nd7 20. Nf2 Nc5 21. Nd3
Be8 22. Bh3 Rc7 23. Nb4 Bb5 24. c4 Ba4 25. Qe2 a5 26. Nd3 Rb8 27. f4 exf4 28.
Rxf4 Nxd3 29. Qxd3 Bd7 30. Bxd7 Qxd7 31. Rbf1 b5 32. cxb5 Qxb5 33. Qf3 Qb2 34.
Rf8+ Rxf8 35. Qxf8+ Kh7 36. Qf5+ Kh8 37. Rf2 Rc1+ 38. Kg2 Rc2 39. Qc8+ Rxc8 40.
Rxb2 Rc4 41. Kf3 Ra4 42. Rb6 Rxa2 43. Rxd6 Rxh2 44. Ra6 Ra2 45. Ra8+ Kh7 46. d6
Rd2 47. e5 Kg6 48. Ke4 Kf7 49. Ra7+ Kg6 50. Rxa5 h5 51. Ra6 Kf7 52. Ra7+ Kg6 53.
d7 Kf7 54. d8=Q+ 1-0

[Event "Titled Tue 10th Jun Early"]
[Site "chess.com INT"]
[Date "2025.06.10"]
[Round "5"]
[White "Weerasekara, Dishal Nimsara"]
[Black "Chaulagain, Purusottam"]
[Result "1-0"]
[WhiteTitle "FM"]
[BlackTitle "CM"]
[WhiteElo "2125"]
[BlackElo "1952"]
[WhiteFideId "9997431"]
[BlackFideId "12300730"]
[EventDate "2025.06.10"]

1. c4 e6 2. Nc3 d5 3. d4 c6 4. Nf3 dxc4 5. a4 Bb4 6. e4 b5 7. Bd2 Bb7 8. axb5
Bxc3 9. bxc3 cxb5 10. Qb1 Qb6 11. Be2 Nf6 12. e5 Ne4 13. O-O O-O 14. Ng5 Nxg5
15. Bxg5 Nd7 16. h4 f6 17. exf6 Nxf6 18. h5 Be4 19. Qc1 h6 20. Bf4 Nd5 21. Be5
Rf7 22. f3 Bh7 23. g4 Raf8 24. Bd1 Bd3 25. Rf2 Nf4 26. Rh2 Qb7 27. Rha2 Nh3+ 28.
Kh2 Ng5 29. Rxa7 Nxf3+ 30. Kg3 Qe4 31. Rxf7 Rxf7 32. Bf4 e5 33. dxe5 Nxe5 34.
Qe3 Rxf4 35. Qxf4 1-0

[Event "Titled Tue 10th Jun Early"]
[Site "chess.com INT"]
[Date "2025.06.10"]
[Round "5"]
[White "Maghsoodloo, Parham"]
[Black "Samunenkov, Ihor"]
[Result "1-0"]
[WhiteTitle "GM"]
[BlackTitle "GM"]
[WhiteElo "2691"]
[BlackElo "2562"]
[WhiteFideId "12539929"]
[BlackFideId "14187086"]
[EventDate "2025.06.10"]

1. d4 d5 2. c4 e6 3. Nc3 c6 4. cxd5 exd5 5. Bf4 Nf6 6. e3 Bf5 7. f3 Bb4 8. Qb3
Qb6 9. a3 Ba5 10. Qa2 c5 11. Ne2 Nc6 12. dxc5 Bxc3+ 13. Nxc3 Qxc5 14. Rc1 O-O
15. b4 Qe7 16. Nxd5 Nxd5 17. Qxd5 Be6 18. Qc5 Rfd8 19. Qxe7 Nxe7 20. e4 Rac8 21.
Rxc8 Rxc8 22. Kd2 Ng6 23. Be3 Ne5 24. Bxa7 Rd8+ 25. Kc2 Nc4 26. Bxc4 Bxc4 27.
Ra1 Ra8 28. Bb6 Ra6 29. Kc3 Be6 30. Bc5 b5 31. a4 bxa4 32. b5 Ra8 33. Kb4 Bd7
34. Rxa4 Rb8 35. Ra5 f6 36. Bd6 Rb7 37. Kc5 Kf7 38. b6 Be8 39. Bc7 Ke6 40. f4
Kd7 41. f5 Bf7 42. g4 h5 43. h3 hxg4 44. hxg4 Bb3 45. Ra8 Bc2 46. Kd4 Kc6 47.
Rg8 1-0

[Event "Titled Tue 10th Jun Early"]
[Site "chess.com INT"]
[Date "2025.06.10"]
[Round "5"]
[White "Tsydypov, Zhamsaran"]
[Black "Durarbayli, Vasif"]
[Result "1-0"]
[WhiteTitle "GM"]
[BlackTitle "GM"]
[WhiteElo "2514"]
[BlackElo "2612"]
[WhiteFideId "4108566"]
[BlackFideId "13402935"]
[EventDate "2025.06.10"]

1. e4 e5 2. Nf3 Nc6 3. Bc4 h6 4. c3 Nf6 5. d4 exd4 6. e5 d5 7. Bb5 Ne4 8. Nxd4
Bd7 9. Bxc6 bxc6 10. O-O c5 11. Nb3 Bb5 12. Re1 Be7 13. Be3 Ba4 14. Qg4 Qd7 15.
Qxd7+ Kxd7 16. f3 Bxb3 17. fxe4 Bc4 18. b3 d4 19. Nd2 Be6 20. cxd4 cxd4 21. Bxd4
Rhd8 22. Rac1 Ke8 23. Bc3 Rd3 24. Ba5 Bh4 25. Re2 Bg5 26. Rxc7 Bg4 27. Nf3 Bxf3
28. gxf3 Rxf3 29. Rec2 Rd8 30. Rxa7 Rb8 31. Kg2 Re3 32. Rf2 f6 33. Rxg7 Rb5 34.
Bd2 Rxe4 35. exf6 Rg4+ 36. Kf1 Kf8 37. Rc7 Bxd2 38. Rxd2 Rf5+ 39. Rf2 Rgf4 40.
Rxf4 Rxf4+ 41. Ke2 Rh4 42. a4 Rxh2+ 43. Kd3 h5 44. a5 h4 45. b4 h3 46. a6 Ra2
47. b5 h2 48. Rh7 Rb2 49. Kc4 Rc2+ 50. Kb3 Rc5 51. Kb4 1-0

[Event "Titled Tue 10th Jun Early"]
[Site "chess.com INT"]
[Date "2025.06.10"]
[Round "5"]
[White "Sethuraman, Roshan"]
[Black "Csonka, Balazs"]
[Result "0-1"]
[BlackTitle "IM"]
[WhiteElo "2074"]
[BlackElo "2467"]
[WhiteFideId "30965250"]
[BlackFideId "742910"]
[EventDate "2025.06.10"]

1. e4 c5 2. Nf3 e6 3. d4 cxd4 4. Nxd4 Nc6 5. Nc3 Qc7 6. Be3 Nf6 7. Qd2 Nxd4 8.
Bxd4 e5 9. Be3 Bb4 10. f3 O-O 11. Be2 d6 12. O-O Be6 13. Bg5 Nd7 14. Rad1 f6 15.
Be3 Rfd8 16. a3 Bxc3 17. bxc3 Nb6 18. Rb1 d5 19. Bd3 dxe4 20. fxe4 Nc4 21. Qe2
Nxe3 22. Qxe3 b6 23. Be2 Rac8 24. Rbd1 Rxd1 25. Rxd1 Qxc3 26. Bd3 Qxa3 27. Qg3
Qc5+ 28. Kh1 Rd8 29. Rf1 Kh8 30. Qh4 Qe7 31. Ra1 a5 32. Qf2 Qc7 33. Rb1 Qc5 34.
Qxc5 bxc5 35. h3 c4 36. Be2 g6 37. Rb6 Bg8 38. Rxf6 Rd2 39. Bg4 Rxc2 40. Ra6 Ra2
41. Ra8 Kg7 42. Kh2 c3 43. Ra7+ Kf6 44. Rc7 c2 45. Bf3 a4 46. Rc6+ Ke7 47. Rc7+
Kd6 48. Rc4 Bxc4 0-1

[Event "Titled Tue 10th Jun Early"]
[Site "chess.com INT"]
[Date "2025.06.10"]
[Round "5"]
[White "Caprio, Guido"]
[Black "Dragnev, Valentin"]
[Result "1-0"]
[WhiteTitle "IM"]
[BlackTitle "GM"]
[WhiteElo "2435"]
[BlackElo "2547"]
[WhiteFideId "834580"]
[BlackFideId "1634852"]
[EventDate "2025.06.10"]

1. d4 d5 2. c4 e6 3. Nc3 c5 4. e3 Nf6 5. Nf3 Nc6 6. cxd5 exd5 7. Bb5 cxd4 8.
Nxd4 Bd7 9. O-O Bd6 10. Nf3 a6 11. Be2 Bf5 12. b3 O-O 13. Bb2 Re8 14. Rc1 Rc8
15. h3 Bb8 16. Bd3 Ne4 17. Ne2 Qd6 18. Bxe4 Bxe4 19. Ng3 Qg6 20. Nxe4 dxe4 21.
Nh4 Qg5 22. Qg4 Qxg4 23. hxg4 g6 24. Rc4 b5 25. Rc5 Bd6 26. Rd5 Be7 27. g3 Nb4
28. Rd7 Nd3 29. Bd4 Bc5 30. Ng2 Bxd4 31. Rxd4 Rc2 32. a4 Nc1 33. Nf4 g5 34. Rdd1
Nxb3 35. Nh5 Rc6 36. axb5 axb5 37. Rd5 h6 38. Rxb5 Nd2 39. Rd1 Nf3+ 40. Kg2 Re7
41. Rb8+ Kh7 42. Rdd8 f5 43. gxf5 Nh4+ 44. gxh4 1-0

[Event "Titled Tue 10th Jun Early"]
[Site "chess.com INT"]
[Date "2025.06.10"]
[Round "5"]
[White "Avramidou, Anastasia"]
[Black "Martinez Martin, David 1981"]
[Result "1-0"]
[WhiteTitle "FM"]
[BlackTitle "IM"]
[WhiteElo "2294"]
[BlackElo "2369"]
[WhiteFideId "4239873"]
[BlackFideId "2209748"]
[EventDate "2025.06.10"]

1. d4 Nf6 2. c4 g6 3. Nc3 Bg7 4. e4 d6 5. h4 O-O 6. Be2 c5 7. d5 e6 8. h5 exd5
9. h6 Bh8 10. exd5 Re8 11. Kf1 Ne4 12. Nxe4 Rxe4 13. Bd3 Re8 14. Qc2 Nd7 15. Nf3
Ne5 16. Bg5 Bf6 17. Bxf6 Qxf6 18. Nxe5 Qxe5 19. g3 Bg4 20. Kg2 Qf6 21. Be4 Re7
22. f3 Bd7 23. Rae1 Rae8 24. Qd2 Qh8 25. b3 f5 26. Bd3 Qd4 27. Rxe7 Rxe7 28. Rd1
Qe3 29. Qxe3 Rxe3 30. Kf2 Re7 31. f4 Kf7 32. Be2 Kf6 33. Rh1 a6 34. a4 Be8 35.
Bf3 g5 36. Rb1 g4 37. Be2 a5 38. Bd3 Bd7 39. Rh1 Kg6 40. Rh4 Kf6 41. Rh5 Re8 42.
Rg5 Re7 43. Rg8 Be8 44. Rf8+ Bf7 45. Rd8 1-0

[Event "Titled Tue 10th Jun Early"]
[Site "chess.com INT"]
[Date "2025.06.10"]
[Round "5"]
[White "Piesik, Piotr"]
[Black "Garcia Correa, Jose Ricardo"]
[Result "1-0"]
[WhiteTitle "IM"]
[BlackTitle "FM"]
[WhiteElo "2436"]
[BlackElo "2103"]
[WhiteFideId "1136194"]
[BlackFideId "5101832"]
[EventDate "2025.06.10"]

1. Nf3 Nf6 2. g3 g6 3. Bg2 Bg7 4. O-O d6 5. d4 c6 6. Nbd2 Nbd7 7. e4 Qc7 8. Qe2
e5 9. dxe5 Nxe5 10. Nxe5 dxe5 11. a4 O-O 12. b3 Bg4 13. f3 Be6 14. Bb2 Rad8 15.
Rfd1 Nd7 16. Nc4 Bxc4 17. Qxc4 Rfe8 18. Bf1 Nf8 19. Qc5 Ne6 20. Qxa7 Nd4 21.
Bxd4 exd4 22. Rab1 h5 23. Qc5 h4 24. Qg5 hxg3 25. hxg3 Re5 26. Qf4 Qb6 27. Bc4
Re7 28. Kg2 Qc5 29. Rh1 b5 30. axb5 cxb5 31. Bd3 Rc8 32. Ra1 Rec7 33. Ra6 Qb4
34. Qd6 Rxc2+ 35. Bxc2 Rxc2+ 36. Kh3 Bf8 37. Qxb4 Bxb4 38. Kg4 d3 39. Ra8+ Kg7
40. Rd8 d2 41. Rd1 Rb2 42. Rd5 Rc2 43. Rxb5 Rc1 44. Rxb4 Rxd1 45. Rd4 Kf6 46. f4
Ke6 47. b4 Rb1 48. Rxd2 Rxb4 49. Kg5 Rxe4 50. Kh6 Re3 51. g4 Kf6 52. Rd6+ 1-0

[Event "Titled Tue 10th Jun Early"]
[Site "chess.com INT"]
[Date "2025.06.10"]
[Round "5"]
[White "Kilic, Eray"]
[Black "Papaioannou, Dimitrios"]
[Result "1-0"]
[WhiteTitle "IM"]
[BlackTitle "CM"]
[WhiteElo "2474"]
[BlackElo "2206"]
[WhiteFideId "44517173"]
[BlackFideId "25865137"]
[EventDate "2025.06.10"]

1. e4 c5 2. c3 Nf6 3. e5 Nd5 4. Nf3 Nc6 5. d4 cxd4 6. Bc4 e6 7. cxd4 d6 8. O-O
Be7 9. Qe2 O-O 10. Rd1 Bd7 11. Nc3 Nxc3 12. bxc3 dxe5 13. dxe5 Qc7 14. Bd3 Rfd8
15. Qe4 g6 16. h4 Be8 17. h5 Bf8 18. hxg6 hxg6 19. Bg5 Rd5 20. Bf6 Bg7 21. c4
Rxe5 22. Bxe5 Nxe5 23. Nxe5 Bxe5 24. Rab1 Bc6 25. Qg4 Kg7 26. c5 Rd8 27. Qe2 Rd4
28. Bb5 Re4 29. Qd3 Bd5 30. Rbc1 Rg4 31. f3 Rh4 32. Kf1 Bf6 33. Bc4 Rh1+ 34. Ke2
Qe5+ 35. Kd2 Qf4+ 36. Ke2 Rxd1 37. Kxd1 Bg5 38. Qc3+ Bf6 39. Qd3 Bg5 40. Rc2 Bc6
41. Bb5 Bxb5 42. Qxb5 Qd4+ 43. Ke2 Qe3+ 44. Kf1 Qd4 45. Qe2 Qa1+ 46. Qe1 Qd4 47.
Qc3 1-0

[Event "Titled Tue 10th Jun Early"]
[Site "chess.com INT"]
[Date "2025.06.10"]
[Round "5"]
[White "El Zein, Zayne-Eddine"]
[Black "Atanasov, Anthony"]
[Result "1-0"]
[WhiteTitle "CM"]
[BlackTitle "IM"]
[WhiteElo "2194"]
[BlackElo "2417"]
[WhiteFideId "5313210"]
[BlackFideId "2623897"]
[EventDate "2025.06.10"]

1. e4 e5 2. Nf3 Nf6 3. d3 Nc6 4. g3 d5 5. exd5 Nxd5 6. Bg2 Bg4 7. O-O Qd7 8. Nc3
Nxc3 9. bxc3 O-O-O 10. Qe1 Bd6 11. Rb1 Bh3 12. Qe4 Bxg2 13. Kxg2 f5 14. Qa4 f4
15. Qb5 b6 16. a4 g5 17. Nxg5 Rdf8 18. Qd5 h5 19. h4 Kb7 20. c4 Qe7 21. a5 a6
22. axb6 cxb6 23. Ne4 Bc7 24. Nc5+ Kc8 25. Qxc6 Qxc5 26. Qa8+ Kd7 27. Qxa6 f3+
28. Kg1 Rhg8 29. Qb5+ Qc6 30. Qxc6+ Kxc6 31. Rb5 e4 32. dxe4 Bxg3 33. fxg3 Rxg3+
34. Kh2 Rg2+ 35. Kh3 Rxc2 36. Rf5 Re8 37. R5xf3 Rxe4 38. Rf6+ Kb7 39. Bg5 Rexc4
40. Rf7+ Kc6 41. Bf4 R4c3+ 42. Bg3 b5 43. Rc7+ Kd5 44. Rf5+ Ke6 45. Rxc3 Rxc3
46. Rxb5 Kf6 47. Rxh5 Kg6 48. Rg5+ Kh6 49. Kg4 Rc4+ 50. Bf4 Kh7 51. h5 Rc7 52.
Bxc7 1-0

[Event "Titled Tue 10th Jun Early"]
[Site "chess.com INT"]
[Date "2025.06.10"]
[Round "5"]
[White "Askarov, Bakhtiyar"]
[Black "Grave, Jacob Templen"]
[Result "1-0"]
[WhiteTitle "IM"]
[BlackTitle "FM"]
[WhiteElo "2297"]
[BlackElo "2350"]
[WhiteFideId "13701100"]
[BlackFideId "1542656"]
[EventDate "2025.06.10"]

1. d4 Nf6 2. Bg5 d5 3. Nd2 c5 4. e3 Bf5 5. dxc5 e6 6. b4 Nbd7 7. Ngf3 Be7 8. Bd3
Bg6 9. O-O O-O 10. a3 Ne4 11. Bxe7 Qxe7 12. Bxe4 dxe4 13. Nd4 Rfd8 14. Qe2 Ne5
15. Nc4 Nxc4 16. Qxc4 Rd5 17. f4 exf3 18. Nxf3 Rad8 19. e4 R5d7 20. Rae1 e5 21.
Qc3 Re8 22. Qe3 Kh8 23. h3 f6 24. Rd1 Red8 25. Rxd7 Rxd7 26. Nh4 Qd8 27. Kh2 Rd2
28. Rf2 Rxf2 29. Nxg6+ hxg6 30. Qxf2 Qd1 31. b5 Qd7 32. a4 g5 33. Qe3 Kh7 34.
Qd3 Qe7 35. Qd6 Qf7 36. c6 bxc6 37. bxc6 Qc4 38. Qd5 Qxc2 39. a5 Qc1 40. Qd3
Qf4+ 41. Qg3 Qc1 42. Qg4 Qxc6 43. Qh5+ Kg8 44. Qg4 Qc4 45. Qf5 1-0

[Event "Titled Tue 10th Jun Early"]
[Site "chess.com INT"]
[Date "2025.06.10"]
[Round "5"]
[White "Carlsson, Ludvig"]
[Black "Wagh, Suyog"]
[Result "1-0"]
[WhiteTitle "IM"]
[BlackTitle "FM"]
[WhiteElo "2379"]
[BlackElo "2319"]
[WhiteFideId "1727010"]
[BlackFideId "25071688"]
[EventDate "2025.06.10"]

1. Nf3 Nf6 2. c4 e6 3. d4 b6 4. g3 Ba6 5. Qc2 c5 6. d5 exd5 7. cxd5 Be7 8. Nc3
O-O 9. Bg2 Bb7 10. e4 d6 11. O-O Nbd7 12. h3 Re8 13. a4 a6 14. Re1 Bf8 15. Bf4
Nh5 16. Bg5 Qc7 17. Nd2 Ne5 18. Kh2 c4 19. Bf1 b5 20. axb5 axb5 21. Be3 b4 22.
Nb5 Qd7 23. Nd4 Rec8 24. Rxa8 Bxa8 25. Rc1 c3 26. bxc3 Rxc3 27. Qb2 Qc8 28. Rb1
f5 29. Qxb4 Nf6 30. Nxf5 Nxd5 31. exd5 Bxd5 32. Nd4 Rc7 33. Qb8 Qd7 34. Be2 Qf7
35. Qd8 Rd7 36. Qg5 h6 37. Qf5 Qe8 38. Qc2 Rf7 39. Bh5 Rxf2+ 40. Bxf2 Qxh5 41.
Qf5 Qe2 42. Nxe2 Bf7 43. Rb8 g6 44. Qf6 Nd7 45. Rxf8+ 1-0

[Event "Titled Tue 10th Jun Early"]
[Site "chess.com INT"]
[Date "2025.06.10"]
[Round "5"]
[White "Kapra, Jerjis"]
[Black "Kawka, Milena"]
[Result "0-1"]
[BlackTitle "WCM"]
[WhiteElo "2055"]
[BlackElo "2003"]
[WhiteFideId "2640341"]
[BlackFideId "21095167"]
[EventDate "2025.06.10"]

1. e4 c5 2. Nc3 Nc6 3. Bb5 Nd4 4. Nf3 a6 5. Bd3 g6 6. Nxd4 cxd4 7. Ne2 Bg7 8. c3
dxc3 9. dxc3 d6 10. a4 Nf6 11. a5 O-O 12. O-O Bd7 13. Be3 Bc6 14. f3 Nd7 15. Nd4
Rc8 16. Qd2 Ne5 17. Be2 Bd7 18. b3 Nc6 19. c4 Qc7 20. Rfd1 Nxd4 21. Bxd4 Bxd4+
22. Qxd4 Be6 23. Kf2 Qc5 24. Bf1 Rfd8 25. g3 Rd7 26. Qxc5 dxc5 27. Rxd7 Bxd7 28.
Rd1 Bc6 29. Bh3 e6 30. e5 Kf8 31. f4 Ke7 32. Bg2 Bxg2 33. Kxg2 Rc6 34. Ra1 Rc7
35. Kf3 Rd7 36. Ke2 f6 37. exf6+ Kxf6 38. Ke3 Rd4 39. Rf1 Kf5 40. h3 h5 41. Rg1
Rd6 42. g4+ hxg4 43. hxg4+ Kf6 44. Rg2 b6 45. axb6 Rxb6 46. Rb2 a5 47. Kd3 a4
48. Kc3 axb3 49. Rxb3 Rxb3+ 50. Kxb3 e5 51. fxe5+ Kxe5 52. Ka4 Kd4 53. Kb5 g5
54. Kc6 Kxc4 55. Kd6 Kd4 56. Ke6 c4 57. Kf5 c3 58. Kxg5 c2 59. Kf6 c1=Q 60. g5
Qc8 61. g6 Qg8 0-1

[Event "Titled Tue 10th Jun Early"]
[Site "chess.com INT"]
[Date "2025.06.10"]
[Round "5"]
[White "Belov, Alexei"]
[Black "Bharath, Subramaniyam H"]
[Result "0-1"]
[WhiteTitle "IM"]
[BlackTitle "GM"]
[WhiteElo "2421"]
[BlackElo "2558"]
[WhiteFideId "4128206"]
[BlackFideId "46634827"]
[EventDate "2025.06.10"]

1. e4 e5 2. Nf3 Nc6 3. Bb5 a6 4. Ba4 Nf6 5. d4 exd4 6. O-O b5 7. Bb3 d6 8. Ng5
d5 9. exd5 Na5 10. Re1+ Be7 11. d6 Qxd6 12. Nxf7 Qd7 13. Nxh8 Nxb3 14. axb3 Bb7
15. Qe2 Kf8 16. Bg5 Bd6 17. Bxf6 gxf6 18. Nd2 Kg7 19. Qh5 Kxh8 20. Ne4 Rg8 21.
f3 Qg7 22. Re2 Bf4 23. Nc5 Be3+ 24. Kh1 Bc8 25. Nxa6 Be6 26. Nc5 Bf7 27. Qf5 Bg6
28. Qd7 Qh6 29. Qe6 Bh5 30. Ne4 Rf8 31. c3 Bf4 32. Qh3 d3 33. Ree1 f5 34. Ng3
Bxg3 35. hxg3 Qg5 36. f4 Qg6 37. Re5 d2 38. Rd5 Bg4 39. Qh4 d1=Q+ 40. Rdxd1 Bxd1
41. Rxd1 Qe6 42. Qh5 Qxb3 43. Qf3 Qe6 44. Rd7 Qxd7 0-1

[Event "Titled Tue 10th Jun Early"]
[Site "chess.com INT"]
[Date "2025.06.10"]
[Round "5"]
[White "Zhauynbay Aldiyar"]
[Black "Adewumi, Tanitoluwa"]
[Result "1/2-1/2"]
[WhiteTitle "FM"]
[BlackTitle "FM"]
[WhiteElo "2233"]
[BlackElo "2362"]
[WhiteFideId "13780646"]
[BlackFideId "30966396"]
[EventDate "2025.06.10"]

1. e4 c5 2. Nf3 d6 3. Bb5+ Bd7 4. Bxd7+ Qxd7 5. O-O Nc6 6. c3 Nf6 7. Re1 g6 8.
d4 cxd4 9. cxd4 Bg7 10. Nc3 O-O 11. h3 Rac8 12. e5 dxe5 13. dxe5 Qxd1 14. Rxd1
Ne8 15. Bf4 Nc7 16. Rac1 Rfd8 17. Kf1 Ne6 18. Bg3 h5 19. a3 a6 20. Nd5 Kf8 21.
Nb6 Rxd1+ 22. Rxd1 Rc7 23. h4 Ke8 24. Ng5 Nxg5 25. hxg5 Bxe5 26. f4 Bxb2 27. Nc4
Bd4 28. f5 Rd7 29. fxg6 fxg6 30. Ke2 b5 31. Nd2 Bc3 32. Ne4 Rxd1 33. Kxd1 Bb2
34. Nc5 Bxa3 35. Nxa6 Bd6 36. Bxd6 exd6 37. Nc7+ Kd7 38. Nxb5 Ne5 39. Nd4 Nf7
40. Nf3 Ke6 41. Nh4 Ne5 42. Ke2 d5 43. Ke3 Kd6 44. Kd4 Nc6+ 45. Ke3 Ne7 46. Kf4
Ke6 47. g3 Kd6 48. Nf3 Nc6 49. Nh4 Ne5 50. Ng2 Ke6 51. Nh4 d4 52. Ke4 d3 53. Ke3
Kd5 54. Ng2 Kc4 55. Nf4 Kc3 56. Nd5+ Kc4 57. Nf4 Ng4+ 58. Kd2 Ne5 59. Ke3 1/2-1/2

[Event "Titled Tue 10th Jun Early"]
[Site "chess.com INT"]
[Date "2025.06.10"]
[Round "5"]
[White "Swara Lakshmi S Nair"]
[Black "Craciun, Sasha-Matei"]
[Result "0-1"]
[WhiteTitle "WCM"]
[BlackTitle "FM"]
[WhiteElo "2187"]
[BlackElo "2320"]
[WhiteFideId "25629239"]
[BlackFideId "1281186"]
[EventDate "2025.06.10"]

1. e4 c5 2. Nf3 a6 3. c4 Nc6 4. d4 cxd4 5. Nxd4 e5 6. Nc2 Bc5 7. Nc3 d6 8. Bd3
Nge7 9. O-O O-O 10. Be3 f5 11. exf5 Nxf5 12. Bxc5 dxc5 13. Ne4 b6 14. Ng3 Nxg3
15. hxg3 Nd4 16. Be4 Ra7 17. Ne3 g6 18. Qd3 Kg7 19. Rad1 Be6 20. b3 Qe7 21. Bd5
b5 22. Qe4 b4 23. Qxe5+ Qf6 24. Qxf6+ Rxf6 25. Rfe1 a5 26. Bxe6 Rxe6 27. Nd5
Rea6 28. Nf4 a4 29. Rb1 axb3 30. axb3 Ra3 31. Ne6+ Nxe6 32. Rxe6 Rd7 33. Rc6 Ra5
34. Kf1 Rd3 35. Re6 Rc3 36. Re3 Rc2 37. Re2 Rc3 38. Re3 Rxe3 39. fxe3 Ra2 40.
Rd1 Rb2 41. Rd5 Rxb3 42. Rxc5 Rxe3 43. Rb5 b3 44. Kf2 Rc3 45. Ke2 Rc2+ 46. Kd3
Rxg2 47. Rxb3 Rxg3+ 48. Kc2 Rxb3 49. Kxb3 Kf6 50. Kb4 Ke6 51. Kb5 Kd7 52. Kb6
Kc8 53. Kc6 h5 54. Kd5 Kc7 55. Ke5 g5 56. Kf5 g4 57. Kf4 Kc6 58. Kg3 Kc5 59. Kh4
Kxc4 60. Kxh5 g3 61. Kh6 g2 62. Kh7 g1=Q 0-1